000 00501nam a2200217Ia 4500
008 210210b2007 xxu||||| |||| 00| 0 eng d
041 _aeng
082 _a954.87 MURK
100 _aMURTHY (A V Narasimha)
245 _aKarnataka: a garden of architecture
260 _aMysore
_b-
_c2007
300 _ax,207
650 _aof
650 _aKarnataka:
650 _agarden
650 _aarchitecture
650 _aa
690 _aKarnataka History
700 _aGOPAL (R)
906 _a064191
999 _c140472
_d140472